000 00704nam a2200277Ia 4500
005 20260324124225.0
008 008 260324s9999 xx 000 0 eng d
020 _a9781315250397
037 _aEBOOK
040 _aCRL
040 _beng
040 _cCRL
041 _2eng
041 _aeng
084 _qCRL
100 _aa foreword by Lisa Jardine; Philip Major
_91173326
245 0 _aLiteratures of Exile in the English Revolution and its Aftermath, 1640-1690
260 _bTaylor and Francis
260 _c2010
365 _a
365 _b240
856 _uhttp://www.taylorfrancis.com/books/9781315250397
942 _cEBOOK
999 _c1767529
_d1767529